000
00234nam a22000977a 4500
999
_c
260646
_d
260645
020
_a
9780545425049
100
_a
Daisy Meadows
245
_a
Rainbow magic: Ashley the Dragon Fairy
260
_a
New York
_b
Scholastic
_c
2009
942
_c
BK